Martin and Others v Hewitt (VO) (Record no. 73832)
[ view plain ]
| 000 -LEADER | |
|---|---|
| fixed length control field | 01308cam a2200229 4500 |
| 001 - CONTROL NUMBER | |
| control field | ABS67288 |
| 008 - FIXED-LENGTH DATA ELEMENTS--GENERAL INFORMATION | |
| fixed length control field | 031124n2003 000 0 eng u |
| 035 ## - SYSTEM CONTROL NUMBER | |
| System control number | (Sirsi) u124434 |
| 245 ## - TITLE STATEMENT | |
| Title | Martin and Others v Hewitt (VO) |
| Medium | [electronic resource] |
| 260 ## - PUBLICATION, DISTRIBUTION, ETC. | |
| Date of publication, distribution, etc. | 2003 |
| 490 ## - SERIES STATEMENT | |
| Series statement | Rating Appeals |
| Volume/sequential designation | [2003] RA 275-287(7) |
| 520 ## - SUMMARY, ETC. | |
| Summary, etc. | RA/3-7/2001, 31 July 2003. Appeal by ratepayers (M) and others against the Valuation Tribunal's decision that three boathouses had been correctly entered in the rateable list as non domestic property. M sought deletion of the entries from the list on the grounds that each boathouse was domestic property as defined in the Local Government Finance Act 1988 s66. The LT upheld the Valuation Tribunal decision on the basis that each boathouse was not an appurtenance to a dwelling as it was situated outside the curtilage and it was not used for the storage of domestic property as a boat was not such property. |
| 590 ## - LOCAL NOTE (RLIN) | |
| Local note | ABS |
| 650 ## - SUBJECT ADDED ENTRY--TOPICAL TERM | |
| Topical term or geographic name entry element | MARTIN AND OTHERS V HEWITT (VO) |
| 650 ## - SUBJECT ADDED ENTRY--TOPICAL TERM | |
| Topical term or geographic name entry element | RATING ASSESSMENT |
| 650 ## - SUBJECT ADDED ENTRY--TOPICAL TERM | |
| Topical term or geographic name entry element | NON DOMESTIC RATING |
| 650 ## - SUBJECT ADDED ENTRY--TOPICAL TERM | |
| Topical term or geographic name entry element | BOAT HOUSE |
| 650 ## - SUBJECT ADDED ENTRY--TOPICAL TERM | |
| Topical term or geographic name entry element | DOMESTIC USE |
| 690 ## - LOCAL SUBJECT ADDED ENTRY--TOPICAL TERM (OCLC, RLIN) | |
| Topical term or geographic name as entry element | RATING AND LOCAL TAXATION-CASE LAW |
| 856 ## - ELECTRONIC LOCATION AND ACCESS | |
| Uniform Resource Identifier | <a href="https://www3.eurolii.org/ew/cases/EWLands/2003/RA_3_2001.html">https://www3.eurolii.org/ew/cases/EWLands/2003/RA_3_2001.html</a> |
| Public note | View decision at www3.eurolii.org |
| 942 ## - ADDED ENTRY ELEMENTS (KOHA) | |
| Suppress in OPAC | 0 |
| Withdrawn status | Lost status | Source of classification or shelving scheme | Damaged status | Not for loan | Home library | Current library | Shelving location | Date acquired | Total Checkouts | Full call number | Barcode | Date last seen | Copy number | Price effective from | Koha item type |
|---|---|---|---|---|---|---|---|---|---|---|---|---|---|---|---|
| Dewey Decimal Classification | London | London | Journal article | 24/11/2003 | ABS67288 | 124434-1001 | 06/08/2019 | 1 | 06/08/2019 | Journal article |